France - Belgique 2018 - composition de l'équipe de France - Statistiques

Statistiques générales
  • Ce quiz a été pris 450 fois
  • Le résultat moyen est 13 sur 15
Statistiques - réponses
Numéro Joueur % Correct
1 Hugo Lloris
99%
10 Kylian Mbappé
92%
7 Antoine Griezmann
91%
2 Benjamin Pavard
91%
Entraineur Didier Deschamps
91%
9 Olivier Giroud
91%
4 Raphaël Varane
90%
5 Samuel Umtiti
89%
Buteur Samuel Umtiti
89%
Score final 1-0
88%
6 Paul Pogba
88%
13 N'Golo Kanté
81%
21 Lucas Hernandez
78%
14 Blaise Matuidi
73%
Système de jeu 4-2-3-1
61%
Aucun quiz correspondant
Distribution des résultats
% des personnes avec chaque résultat
Percentile par nombre de réponses
Votre historique - résultats
Vous n’avez pas pris ce quiz